000 00827nam a2200253Ia 4500
003 OSt
005 20220927105623.0
006 a|||||r|||| 00| 0
007 ta
008 220926b |||||||| |||| 00| 0 eng d
024 _a189755
037 _cReference Collections
040 _aRTL
_cRTL
_beng
041 _2eng
_aeng
082 _a"X:93.2N48r, Q0/GD"
100 _a"INDIA, LABOUR (Bureau of-)"
_9373757
110 _a"INDIA, LABOUR (Bureau of-)"
_9373758
245 0 _a"Report on the working of the minimum wages act, 1948"
260 _a"Chandigarh,"
_b"Government of India, "
_c2010
490 _v"01361871: 2007 (xvii,78p)"
700 _a"INDIA, LABOUR (Bureau of-)"
_9373757
942 _h"X:93.2N48r, Q0/GD"
_cCC
999 _c693466
_d693466